000 00426nam a2200169Ia 4500
008 230524s9999 xx 000 0 und d
082 _a621.382
_bGOE
100 _aGraham C.Goodwin
245 0 _aControl System Design
250 _a1ST
260 _aNEW DELHI
_bPHI
_c2002
300 _aXX;895
500 _aQuantity Number: 2
650 _aElectrical
700 _a" Stefan F.Graebe , Mario E.Salgado,,,"
942 _cBK
999 _c36504
_d36504